000 00585nam a2200169 i 4500
001 97002
003 ES-MaACL
005 20230906182023.0
007 t|
008 050705s1968 sp ||||1| spa d
100 1 _aManrique, Gervasio.
_976096
245 1 3 _aLa emigración del campo a las ciudades /
_cpor Gervasio Manrique de Lara.
260 _aMadrid :
_bC. Bermejo,
_c1968.
300 _a15 h., 1 lám. ;
_c24 cm.
500 _aEs tirada aparte de la Revista de Dialectología y Tradiciones Populares, Tom. XXIV, 1968.- Pág. 148 a 176.
852 _aES-MaACL
_j2062-F-35
_bR.66866
999 _c97002
_d97002